Poemas excluidos / (Registro nro. 179399)
[ vista simple ]
| 000 -LEADER | |
|---|---|
| campo de control de longitud fija | 00857nam a2200265 i 4500 |
| 001 - NÚMERO DE CONTROL | |
| campo de control | 179399 |
| 003 - IDENTIFICADOR DE NÚMERO DE CONTROL | |
| campo de control | ES-MaACL |
| 005 - FECHA Y HORA DE LA ÚLTIMA TRANSACCIÓN | |
| campo de control | 20240509101458.0 |
| 008 - DATOS DE LONGITUD FIJA--INFORMACIÓN GENERAL | |
| campo de control de longitud fija | 111115s1985 sp c |||| | spa d |
| 020 ## - NÚMERO INTERNACIONAL ESTÁNDAR DEL LIBRO | |
| Número Internacional Estándar del Libro | 84-86307-02-3 |
| 080 ## - NÚMERO DE LA CLASIFICACIÓN DECIMAL UNIVERSAL | |
| Número de la Clasificación Decimal Universal | 821.134.2-14"19" |
| 100 1# - ENTRADA PRINCIPAL--NOMBRE DE PERSONA | |
| Nombre de persona | Brines, Francisco, |
| Fechas asociadas al nombre | 1932-2021 |
| 9 (RLIN) | 31751 |
| 245 10 - MENCIÓN DEL TÍTULO | |
| Título | Poemas excluidos / |
| Mención de responsabilidad, etc. | de Francisco Brines. |
| 250 ## - MENCION DE EDICION | |
| Mención de edición | Ed. de 1.000 ejemp. |
| 260 ## - PUBLICACIÓN, DISTRIBUCIÓN, ETC. | |
| Lugar de publicación, distribución, etc. | Sevilla : |
| Nombre del editor, distribuidor, etc. | Renacimiento, |
| Fecha de publicación, distribución, etc. | 1985. |
| 300 ## - DESCRIPCIÓN FÍSICA | |
| Extensión | 47 p. : |
| Otras características físicas | 1 retr. ; |
| Dimensiones | 21 cm. |
| 490 1# - MENCIÓN DE SERIE | |
| Mención de serie | Renacimiento de poesía ; |
| Designación de volumen o secuencia | 1 |
| 500 ## - NOTA GENERAL | |
| Nota general | En portada y cub.: Mediodía. |
| 598 ## - NOTA LOCAL | |
| Nota local | Colección dirigida por Abelardo Linares. |
| 830 00 - PUNTO DE ACCESO ADICIONAL DE SERIE-TÍTULO UNIFORME | |
| Título uniforme | Colección Renacimiento de poesía ; |
| Designación de volumen o secuencia | 1 |
| 9 (RLIN) | 235848 |
| 852 ## - LOCALIZACIÓN | |
| Ubicación | ES-MaACL |
| Número de control de estantería | 2307-F-29 |
| Donativo/Legado | Donatición: M. A. Velasco |
| 852 ## - LOCALIZACIÓN | |
| Ubicación | ES-MaACL |
| Número de control de estantería | G-1311 |
| 942 ## - ELEMENTOS DE ENTRADA SECUNDARIOS (KOHA) | |
| Fuente del sistema de clasificación o colocación | Clasificación decimal universal |
| Estatus retirado | Estado de pérdida | Estado de daño | No para préstamo | Biblioteca de origen | Biblioteca actual | Ubicación en estantería | Fecha de adquisición | Fuente de adquisición | Total de préstamos | Signatura topográfica completa | Código de barras | Visto por última vez | Precio de reemplazo | Tipo de ítem Koha | Colección |
|---|---|---|---|---|---|---|---|---|---|---|---|---|---|---|---|
| Biblioteca del Ateneo de Madrid | Biblioteca del Ateneo de Madrid | Depósito 2 | 15/11/2011 | G-1311 | 1188468 | 23/02/2023 | 23/02/2023 | Libro impreso | |||||||
| Biblioteca del Ateneo de Madrid | Biblioteca del Ateneo de Madrid | Depósito folletos | 15/11/2011 | 2307-F-29 | 1188466 | 23/02/2023 | 23/02/2023 | Folleto | Colección de folletos |
